Statistics for South Carolina Cities Quiz

Click here to take the quiz!

General Stats

  • This quiz has been taken 35 times
  • The average score is 9 of 15

Answer Stats

HintAnswer% Correct
The first shots of the Civil War were fired at a fort in this cityCharleston
100%
Burned by Sherman's army during the Civil WarColumbia
100%
Largest city in the upstateGreenville
92%
Center of the Grand StrandMyrtle Beach
77%
Largest city in the South Carolinian portion of the Charlotte Metropolitan AreaRock Hill
77%
Popular resort town on an island in the south of the stateHilton Head Island
69%
The eastern terminus of Interstate 20Florence
62%
A suburb of Charleston connected by the Arthur Ravenel Jr. BridgeMount Pleasant
62%
The third largest city in South Carolina, and a suburb of CharlestonNorth Charleston
62%
The headquarters of Denny's are located hereSpartanburg
62%
Location of a university of the same nameClemson
54%
A western suburb of Columbia near Lake MurrayLexington
54%
Suburb of Charleston that claims to be the birthplace of sweet teaSummerville
31%
The origin of the world's hottest pepper, the Carolina ReaperFort Mill
23%
Home to most of the the Naval Weapons Station CharlestonGoose Creek
23%

Score Distribution

Percentile by Number Answered

Percent of People with Each Score

Your Score History

You have not taken this quiz